000 00330nam a2200145Ia 4500
008 191201s2000 xx 000 0 und d
082 _a539.7
100 _aTAYAL,DC
245 0 _aNuclear Physics
250 _aRep
260 _aN. Delhi
_bHimalaya Publication House
_c2000
300 _a679
650 _aApplied
942 _2ddc
_cBK
999 _c584
_d584